000 00728nam a2200253Ia 4500
003 OSt
005 20220926005420.0
006 a|||||r|||| 00| 0
007 ta
008 220923b |||||||| |||| 00| 0 eng d
020 _a9788184112009
037 _cGeneral Book
040 _aRTL
_cRTL
_beng
041 _2eng
_aeng
082 _aX9(D3):434, P9
100 _aNARASAIAH M Lashmi
_9310251
245 0 _aHousing programmes for poor.
260 _a New Delhi
_bSonali Publications
_c2009
300 _av,258p.
_ccm.
500 _aBibliography :P.243-252p.
700 _a B UMAJYOTHI
_9310252
942 _hX9(D3):434, P9
_cGB
_2CC
999 _c613754
_d613754